000 00199 a2200097 4500
001 24978
100 _aComrie, L.J
245 _aBarlow's tables
260 _a
_bScience P.B
_c
090 _c16924
_d16924
942 _aNUST-CAE
_cM
_c7696
999 _c260051
_d260051